LEADER 01623nam 2200373 450 001 9910793485403321 005 20201204110152.0 010 $a2-8027-6334-2 035 $a(CKB)4100000007757481 035 $a(MiAaPQ)EBC5710382 035 $a(EXLCZ)994100000007757481 100 $a20190509d2019 uy 0 101 0 $afre 135 $aurcnu|||||||| 181 $ctxt$2rdacontent 182 $cc$2rdamedia 183 $acr$2rdacarrier 200 13$aLa Francophonie des exigences $eau service des peuples et au coeur des urgences du monde : Plaidoyer : Discours et interventions (2015-2018) /$fMichae?lle Jean 210 1$aBruxelles :$cBruylant,$d2019. 215 $a1 online resource (571 pages) $cillustrations 311 $a2-8027-6325-3 327 $aChapitre 1. La Francophonie force de proposition et d'innovation -- Chapitre 2. Oeuvrer pour l'e?mergence de la gouvernance de?mocratique -- Chapitre 3. Vers une meilleure insertion des populations francophones dans l'e?conomie mondiale -- Chapitre 4. L'e?ducation : une arme de construction massive -- Chapitre 5. Un espace riche de ses diversite?s -- Chapitre 6. La Francophonie au rythme du monde : de Dakar a? Erevan -- annexes. 607 $aFrench-speaking countries$xRelations$zFrance 607 $aFrance$xRelations$zFrench-speaking countries 607 $aFrance$xCivilization 676 $a320.917541 700 $aJean$b Michae?lle$01127084 801 0$bMiAaPQ 801 1$bMiAaPQ 801 2$bMiAaPQ 906 $aBOOK 912 $a9910793485403321 996 $aLa Francophonie des exigences$93720051 997 $aUNINA LEADER 01529nam 22004455u 450 001 996552468403316 005 20231127212818.0 035 $a(CKB)28450163500041 035 $a(NyNyACM)10.1145/3608367 035 $a(Association for Computing Machinery)10.1145/3608367 035 $a(EXLCZ)9928450163500041 100 $a20231101d2023 uy 101 0 $aeng 135 $aurnn#---mamaa 181 $ctxt$2rdacontent 182 $cc$2rdamedia 183 $acr$2rdacarrier 200 00$aProceedings of the 2023 5th International Conference on Robotics Systems and Automation Engineering 210 $aNew York,NY,United States$cAssociation for Computing Machinery$d2023 215 $a1 online resource (59 pages) 225 1 $aACM Other conferences 300 $aTitle from The ACM Digital Library. 311 $a9781450398510 410 0$aACM Other conferences 517 3 $aRSAE '23 606 $aComputer science 606 $aRobotic planning 606 $aEmerging technologies 606 $aDesign and analysis of algorithms 615 0$aComputer science. 615 14$aRobotic planning 615 24$aEmerging technologies 615 24$aDesign and analysis of algorithms 712 02$aAssociation for Computing Machinery-Digital Library. 801 0$bAssociation for Computing Machinery 801 1$bACM 906 $aBOOK 912 $a996552468403316 996 $aProceedings of the 2023 5th International Conference on Robotics Systems and Automation Engineering$93568009 997 $aUNISA